000 00932nam a2200265 i 4500
003 OSt
005 20260216172807.0
008 260212s2025 my ao gr6 000 1 may d
020 _a9786299554202
_qpaperback
_cRM30.00
040 _aPPAK
_beng
_cPPAK
_erda
082 0 4 _a741.5
_223
090 0 0 _a741.5
_bYAY
_dK
100 0 _aYaya Okita,
_eauthor.
_eillustrator.
245 1 0 _aBESTNYA! INSPIRASI :
_bDIARI YAYA OKITA /
_cPenulis: Yaya Okita ; Illustrator Komik: Yaya Okita ; Editor: Irfan Foner
264 1 _aKuala Lumpur :
_bIrfan Foner Studio,
_c2025
300 _a127 pages :
_bcolour photographs, colour illustrations ;
_c21 cm
336 _atext
_2rdacontent
336 _astill image
_2rdacontent
337 _aunmediated
_2rdamedia
338 _avolume
_2rdacarrier
650 1 0 _aComic books, strips, etc.
650 2 0 _aComic books and teenagers
700 0 _aIrfan Foner,
_eeditor.
942 _2ddc
_cB
999 _c203065
_d203065